000 00719nam a22002292 4500
001 0000018722
005 20151217152133.0
008 100609s xx 000 0 eng d
020 _a0521612357 :
040 _aKABU
_cKABU
245 1 3 _aAn Introduction to language and linguistics /
_cEdited by Ralph Fasold and Jeff Connor-Linton.
250 _a1st ed.
260 _aCambridge :
_bC. U. P.,
_c2006.
300 _axvi, 540 p.
650 0 _aLinguistics.
_@0000151993
650 0 _aLanguage and languages.
_@0000045927
700 1 _aFasold, Ralph.
_@0000178058
700 1 _aConnor-Linton, Jeff.
_@0000178059
852 1 _9p4000 KES
908 _a100609
950 _@1
999 _c8628
_d8628